• 首页
  • 本馆介绍
  • 公告通知
  • 最新文献
  • 馆藏检索
  • 电子资源
  • 读者导购
  • 参考咨询
  • 我的图书馆
  • 登录
  • 详细信息显示
  • 放入我的书架
  • 预约/预借图书
  • 作者相关作品
  • 分类相关作品
  • 丛书相关作品
  • 出版社相关作品

书目信息

  • 表格格式
  • 工作单格式
  • 卡片格式
题名:
生物物理学
    
 
作者: 程极济 , 林克椿 主编
分册:  
出版信息: 北京   高等教育出版社  1981
页数: 573页
开本: 25cm
丛书名:
单 册:
中图分类: Q6
科图分类:
主题词: 生物物理学--高等学校--教材
电子资源:
ISBN:
000 00701nam0 2200253 45
001 0181005207
005 20060328085943.50
010    @dCNY2.65
091    @a13012.0682
100    @a19950420d1981 em y0chiy0121 ea
101 0  @achi
102    @aCN@b110000
105    @ay z 000yy
200 10 @a生物物理学@Asheng wu wu li xue@f程极济,林克椿主编@Fcheng ji ji,lin ke chun zhu bian
210    @a北京@c高等教育出版社@d1981
215    @a573页@d25cm
300    @a高等学校试用教材
606    @a生物物理学@x高等学校@x教材
690    @aQ6@v4
701  0 @a程极济@Acheng ji ji@4主编
701  0 @a林克椿@Alin ke chun@4主编
801  2 @aCN@bNLC@c20060328
801  0 @aCN@bTSSF
905    @a10447@dQ6@e9
    
    生物物理学/程极济,林克椿主编.-北京:高等教育出版社,1981
    573页;25cm
    高等学校试用教材
    
    ISBN :CNY2.65
    
●
相关链接 在E读中查询图书 在五车中查询图书 在当当中查询图书 在豆瓣中查询图书


正题名:生物物理学     索取号:Q6/9         预约/预借

序号 登录号 条形码 馆藏地/架位号 状态 备注
1 0127900   202235321   密集书库/ [索取号:Q6/9] 在馆    
2 0127901   202235394   密集书库/ [索取号:Q6/9] 在馆    
3 0127902   202108049   第二样本阅览室/ [索取号:Q6/9] 在馆    
唐山师范学院图书馆 欢迎您!
大连网信软件有限公司© 版权所有